banner-ar

Alexander's tomb : (Record no. 60563)

MARC details
000 -الفاتح
حقل البيانات ثابتة الطول 01615cam a2200301 i 4500
005 - وقت وتاريخ اخر تعامل مع التسجيلة
رقم الضبط 20240530110416.0
008 - عناصر البيانات ثابتة الطول - معلومات عامة
حقل البيانات ثابتة الطول 060111t20072006nyuab f b 001 0 eng
020 ## - الرقم الدولى المعيارى للكتب
الرقم الدولى المعيارى للكتاب 9774160487
040 ## - مصدر الفهرسة
وكالة الفهرسة الأصلية EG-CaGPL
وكالة النسخ EG-CaGPL
042 ## -
-- pcc
082 04 - رقم تصنيف ديوى العشرى
رقم الطبعة 21
رقم التصنيف 932
رقم المادة CC/S A
100 1# - المدخل الرئيسى - إسم شخصى
الإسم الشخصى Saunders, Nicholas J.
245 10 - بيان العنوان
العنوان Alexander's tomb :
بقية العنوان the two thousand year obsession to find the lost conqueror /
بيان المسئوليه,etc Nicholas J. Saunders.
250 ## - بيان الطبعة
بيان الطبعة Paperback edition.
260 ## - PUBLICATION, DISTRIBUTION, ETC. (IMPRINT)
تاريخ النشر أو التوزيع 2006.
300 ## - الوصف المادى
التعداد xiii, 290 pages :
تفاصيل ماديه اخرى للوعاء illustrations, maps ;
أبعاد الوعاء 24 cm
504 ## - تبصرة ببليوجرافية
تبصرة ببليوجرافية,الخ Includes bibliographical references (pages 269-280) and index.
600 00 - المدخل الاضافى بالموضوع-اسم شخصى
الإسم الشخصى Alexander,
العنوان والكلمات الأخرى المصاحبة للاسم the Great,
التواريخ المصاحبة للاسم 356 B.C.-323 B.C.
التقسيم الفرعي العام Tomb.
600 00 - المدخل الاضافى بالموضوع-اسم شخصى
الإسم الشخصى Alexander,
العنوان والكلمات الأخرى المصاحبة للاسم the Great,
التواريخ المصاحبة للاسم 356 B.C.-323 B.C.
التقسيم الفرعي العام Death and burial.
942 ## - عناصر المدخل الإضافي( كوها)
مصدر التصنيف او مخطط الترفيف Dewey Decimal Classification
Koha [default] item type كتاب
260 ## - PUBLICATION, DISTRIBUTION, ETC. (IMPRINT)
-- New York :
-- Basic Books,
336 ## -
-- text
-- rdacontent
337 ## -
-- unmediated
-- rdamedia
338 ## -
-- volume
-- rdacarrier
505 0# - تبصرة محتويات-الفهرس
تبصرة المحتويات المصاغة Introduction: ghosts in ruins -- The cloak of immortality -- Death and dying in Babylon -- Stealing the body and the Memphis tomb -- Who moved Alexander's corpse? -- The Alexandrian mausoleum -- Ancient visitors -- The tomb disappears -- The two-horned lord and medieval whispers -- Napoleon, Nelson, and Alexander's ghost -- Archaeologists, maps, and tombs -- Alabaster, fantasy, and ancient walls -- Politics of the dead -- The eternal quest -- Afterlife.
856 42 - الوصول و الموقع الالكترونى
مواد محددة Contributor biographical information
معرف المصدر الموحد http://www.loc.gov/catdir/enhancements/fy1105/2006000973-b.html
856 42 - الوصول و الموقع الالكترونى
مواد محددة Publisher description
معرف المصدر الموحد http://www.loc.gov/catdir/enhancements/fy1105/2006000973-d.html
Holdings
حالة التراجع حالة الفقد مصدر التصنيف او خطة الترفيف حالة تلف ليس للاعارة المكان المؤقت الموقع الحالى تاريخ الاكتساب اجمالي اﻻعارات رقم الطلب الباركود تاريخ اخر مشاهدة تاريخ تفعيل السعر نوع وعاء كوها
    ddc     مكتبة القاهرة الكبرى مكتبة القاهرة الكبرى 03/04/2015   932 CC/S A 159659 03/04/2015 03/04/2015 كتاب

Powered By

EGPV